Gaming Quiz

Random Gaming or Letter Quiz

Monopoly Spaces A-Z Quiz Stats

 Plays Quiz Updated Jan 11, 2019

Support Sporcle.
Go Orange.
Score 0/19 Timer 03:00
2 Plays Today
Letter Sample Board Space % Correct
PPennsylvania Avenue / Piccadilly
89.3%
BBaltic Avenue / Bond Street
88.4%
CCommunity Chest
73.8%
JJail
68.9%
RReading Railroad / Regent Street
67.9%
MMediterranean Avenue / Mayfair
67.6%
VVermont Avenue / Vine Street
67%
AAtlantic Avenue / The Angel, Islington
65.1%
GGo
65%
IIncome Tax
64.2%
Letter Sample Board Space % Correct
KKentucky Avenue / Kings Cross Station
62.3%
SSt. Charles Place / Strand
60.2%
FFree Parking
59.3%
WWater Works
56.6%
OOriental Avenue / Oxford Street
56.6%
TTennessee Avenue / Trafalgar Square
55.9%
EElectric Company
55.6%
NNew York Avenue / Northumberland Avenue
55.5%
LLuxury Tax / Leicester Square
45.1%

You're not logged in!

Compare scores with friends on all Sporcle quizzes.
OR
Log In

From the Vault

Multi-Category Minefield Blitz IV

by minshkins

If you like to be surprised with every click, this is the quiz for you.
Remove Ads.
Support Sporcle.
Get the best of Sporcle when you Go Orange. This ad-free experience offers more features, more stats, and more fun while also helping to support Sporcle. Thank you for becoming a member.

Show Comments

Extras

Top Quizzes Today


Score Distribution

Your Account Isn't Verified!

In order to create a playlist on Sporcle, you need to verify the email address you used during registration. Go to your Sporcle Settings to finish the process.

Report this User

Report this user for behavior that violates our Community Guidelines.

Details: